000 00779nam a2200229 a 4500
001 000023634
005 20260317133558.0
008 101216s1973 ve ah r 000 0 spa d
040 _aDO-SdBNP
_bspa
_cBNPHU
082 _a002
_bG767t
100 1 _aGrases, Pedro,
_d1909-2004.
_923306
245 1 0 _aTemas de bibliografía y cultura venezolanas II /
_cPedro Grases,.
260 _aCaracas, Venezuela :
_bMonte Ávila Editores,
_c1973.
300 _a2 v. :
_bfacsims. ;
_c16 cm.
490 1 _aBiblioteca popular el dorado
_v54
500 _aIncluye referencias bibliográficas y notas al pie de las páginas
650 0 _aBibliografía
_97838
650 0 _aCultura
_989224
651 0 _aVenezuela
_926230
830 0 _aBiblioteca popular el dorado ;
_v54
_913605
049 _aBNGR
999 _c23130
_d23130